Practicing management

Saved in:
Bibliographic Details
Main Author: Griffin, Ricky W (Author)
Format: Book
Language:English
Published: Boston Houghton Mifflin 1984
Subjects:
Tags: Add Tag
No Tags, Be the first to tag this record!

MARC

LEADER 00000nam a2200000 a 4500
001 UCT8994
003 CL-VaPUC
008 970404e19840000US |||||||||||||||||eng|d
082 0 4 |a 658  |b GRI  |2 21 
100 |a Griffin, Ricky W  |e author  |9 598319 
245 1 0 |a Practicing management 
300 |a 364 p 
942 |c BK 
945 |d 19970404 00:00:00  |a rleighto 
260 |a Boston  |b Houghton Mifflin  |c 1984 
650 0 |a Administración  |9 259325 
650 0 |a Organización  |9 256369 
650 7 |a MEDIO AMBIENTE LABORAL  |2 CL-VaPUC  |9 380233 
650 0 |a Planeación  |9 381338 
650 0 |a Toma de decisiones   |9 257530 
650 0 |a Control  |9 330602 
583 |a last modification  |c 19970404 00:00:00  |k Rodrigo Vera 
999 |c 257457  |d 257455 
952 |0 0  |1 0  |4 0  |6 658_000000000000000_GRI_1984  |7 0  |8 A  |9 280923  |a BIBING  |b BIBING  |d 2019-11-19  |i 3288927  |o 658 GRI 1984  |p 3288927  |r 2025-01-20  |w 2019-11-19  |y BK  |k EII 
952 |0 0  |1 0  |4 0  |6 658_000000000000000_GRI_1984  |7 0  |8 A  |9 280924  |a BIBING  |b BIBING  |d 2019-11-19  |i 3288935  |o 658 GRI 1984  |p 3288935  |r 2025-01-20  |w 2019-11-19  |y BK  |k EII